[FR] Pokemon - Les Baies - Statistiques

Statistiques générales
  • Ce quiz a été pris 114 fois
    95 depuis la dernière actualisation
  • Le résultat moyen est 24 sur 67
Statistiques - réponses
Premiere apparition Effet Numero Réponse % Correct
Pokémon Rubis et Saphire Restaure 10PV 07 Oran
94%
Pokémon Rubis et Saphire Soigne l'Empoisonnement 02 Pêcha
87%
Pokémon Rubis et Saphire Soigne la Paralysie 01 Ceriz
83%
Pokémon Rubis et Saphire Restaure 10PP 06 Mepo
83%
Pokémon Rubis et Saphire Restaure 1/4 des PV 10 Sitrus
83%
Pokémon Rubis et Saphire Soigne la Brûlure 04 Fraive
75%
Pokémon Rubis et Saphire Soigne le Sommeil 02 Maron
75%
Pokémon Rubis et Saphire Soigne tout changement de statut 09 Prine
65%
Pokémon Rubis et Saphire Ingrédient de Pokéblocs et Poffins 20 Nanana
63%
Pokémon Rubis et Saphire Ingrédient de Pokéblocs et Poffins 18 Nanab
58%
Pokémon Rubis et Saphire Soigne la Confusion 08 Kika
56%
Pokémon Rubis et Saphire Soigne le Gel 05 Willia
56%
Pokémon Rubis et Saphire Ingrédient de Pokéblocs et Poffins 16 Framby
48%
Pokémon Rubis et Saphire Ingrédient de Pokéblocs et Poffins, Diminue de 10 EV en Attaque, augmente le bonheur 22 Alga
42%
Pokémon Diamant et Perle Divise par 2 les dégâts occasionnés par une attaque de type Electrik super efficace 46 Parma
42%
Pokémon Diamant et Perle Divise par 2 les dégâts occasionnés par une attaque de type Combat super efficace 49 Pomroz
40%
Pokémon Rubis et Saphire Ingrédient de Pokéblocs et Poffins, Diminue de 10 EV en Vitesse, augmente le bonheur 26 Tamato
40%
Pokémon Rubis et Saphire Ingrédient de Pokéblocs et Poffins, Diminue de 10 EV en Attaque Spéciale, augmente le bonheur 24 Lonme
38%
Pokémon X et Y Divise par 2 les dégâts occasionnés par une attaque de type Fée super efficace 65 Selro
38%
Pokémon Diamant et Perle Divise par 2 les dégâts occasionnés par une attaque de type Glace super efficace 48 Nanone
37%
Pokémon Rubis et Saphire Restaure 1/4 des PV du Pokémon lorsqu'il est touché par une attaque super efficace 43 Enigma
35%
Pokémon Diamant et Perle Divise par 2 les dégâts occasionnés par une attaque de type Sol super efficace 51 Jouca
35%
Pokémon Diamant et Perle Divise par 2 les dégâts occasionnés par une attaque de type Ténèbre super efficace 58 Lampou
35%
Pokémon Rubis et Saphire Restaure 1/8è des PV max, rend confus un Pokémon n'appréciant pas les Baies acides 15 Papaya
35%
Pokémon Rubis et Saphire Restaure 1/8è des PV max, rend confus un Pokémon n'appréciant pas les Baies seches 12 Wiki
35%
Pokémon Diamant et Perle Divise par 2 les dégâts occasionnés par une attaque de type Roche super efficace 55 Charti
33%
Pokémon Diamant et Perle Divise par 2 les dégâts occasionnés par une attaque de type Feu super efficace 44 Chocco
33%
Pokémon Diamant et Perle Divise par 2 les dégâts occasionnés par une attaque de type Eau super efficace 45 Pocpoc
33%
Pokémon Rubis et Saphire Restaure 1/8è des PV max, rend confus un Pokémon n'appréciant pas les Baies ameres 14 Gowav
31%
Pokémon Rubis et Saphire Ingrédient de Pokéblocs et Poffins, Diminue de 10 EV en PV, augmente le bonheur 21 Grena
31%
Pokémon Rubis et Saphire Ingrédient de Pokéblocs et Poffins 19 Repoi
31%
Pokémon Rubis et Saphire Ingrédient de Pokéblocs et Poffins, Diminue de 10 EV en Défense Spéciale, augmente le bonheur 25 Resin
31%
Pokémon Diamant et Perle Divise par 2 les dégâts occasionnés par une attaque de type Spectre super efficace 56 Sédra
31%
Pokémon Diamant et Perle Divise par 2 les dégâts occasionnés par une attaque de type Dragon super efficace 57 Fraigo
29%
Pokémon Diamant et Perle Divise par 2 les dégâts occasionnés par une attaque de type Normal super efficace 60 Zalis
29%
Pokémon Diamant et Perle Divise par 2 les dégâts occasionnés par une attaque de type Vol super efficace 52 Cobaba
27%
Pokémon Diamant et Perle Divise par 2 les dégâts occasionnés par une attaque de type Poison super efficace 50 Kébia
27%
Pokémon Rubis et Saphire Restaure 1/8è des PV max, rend confus un Pokémon n'appréciant pas les Baies sucrées 13 Mago
27%
Pokémon Rubis et Saphire Ingrédient de Pokéblocs et Poffins, Diminue de 10 EV en Défense, augmente le bonheur 23 Qualot
27%
Pokémon Rubis et Saphire Ingrédient de Pokéblocs et Poffins 17 Remu
27%
Pokémon Rubis et Saphire Augmente d'un niveau la Défense Spéciale lorsque les PV du Pokémon passent sous 1/3 de ses PV max 40 Abriko
25%
Pokémon Diamant et Perle Divise par 2 les dégâts occasionnés par une attaque de type Acier super efficace 59 Babiri
25%
Pokémon Diamant et Perle Le Pokémon attaquera en premier pour un tour 62 Chérim
25%
Pokémon Rubis et Saphire Restaure 1/8è des PV max, rend confus un Pokémon n'appréciant pas les Baies épicées 11 Figuy
25%
Pokémon Diamant et Perle Divise par 2 les dégâts occasionnés par une attaque de type Plante super efficace 47 Ratam
25%
Pokémon Rubis et Saphire Ingrédient de Pokéblocs et Poffins 33 Stekpa
25%
Pokémon X et Y Augmente d'un niveau la Défense du Pokémon qui la tient s'il est touché par une attaque physique 67 Eka
23%
Pokémon Emeraude Augmente d'un niveau le taux de coups critiques lorsque les PV du Pokémon passent sous 1/3 de ses PV max 41 Lansat
23%
Pokémon Diamant et Perle Divise par 2 les dégâts occasionnés par une attaque de type Insecte super efficace 54 Panga
23%
Pokémon Diamant et Perle Inflige des dégâts de contrecoup à un adversaire utilisant une attaque spéciale 64 Pommo
23%
Pokémon Diamant et Perle Divise par 2 les dégâts occasionnés par une attaque de type Psy super efficace 53 Yapap
23%
Pokémon Emeraude Augmente de deux niveaux une statistique lorsque les PV du Pokémon passent sous 1/3 de ses PV max 42 Frista
21%
Pokémon Rubis et Saphire Augmente d'un niveau l'Attaque lorsque les PV du Pokémon passent sous 1/3 de ses PV max 36 Lichii
21%
Pokémon Diamant et Perle Augmente la précision d'une attaque pour un tour 61 Micle
21%
Pokémon Rubis et Saphire Ingrédient de Pokéblocs et Poffins 35 Myrte
21%
Pokémon Rubis et Saphire Augmente d'un niveau l'Attaque Spéciale lorsque les PV du Pokémon passent sous 1/3 de ses PV max 39 Pitaye
21%
Pokémon Rubis et Saphire Augmente d'un niveau la Vitesse lorsque les PV du Pokémon passent sous 1/3 de ses PV max 38 Sailak
21%
Pokémon Rubis et Saphire Augmente d'un niveau la Défense lorsque les PV du Pokémon passent sous 1/3 de ses PV max 37 Lingan
19%
Pokémon X et Y Augmente d'un niveau la Défense Spéciale du Pokémon qui la tient s'il est touché par une attaque spéciale 66 Rangma
17%
Pokémon Rubis et Saphire Ingrédient de Pokéblocs et Poffins 30 Tronci
17%
Pokémon Diamant et Perle Inflige des dégâts de contrecoup à un adversaire utilisant une attaque physique 63 Jaboca
15%
Pokémon Rubis et Saphire Ingrédient de Pokéblocs et Poffins 27 Siam
15%
Pokémon Rubis et Saphire Ingrédient de Pokéblocs et Poffins 32 Palma
13%
Pokémon Rubis et Saphire Ingrédient de Pokéblocs et Poffins 29 Rabuta
13%
Pokémon Rubis et Saphire Ingrédient de Pokéblocs et Poffins 28 Mangou
12%
Pokémon Rubis et Saphire Ingrédient de Pokéblocs et Poffins 34 Durin
10%
Pokémon Rubis et Saphire Ingrédient de Pokéblocs et Poffins 31 Kiwan
10%
Aucun quiz correspondant
Distribution des résultats
% des personnes avec chaque résultat
Percentile par nombre de réponses
Votre historique - résultats
Vous n’avez pas pris ce quiz depuis la dernière actualisation